000 00765nam a22002297a 4500
003 UA-OsUOA
001 56818
007 ta
008 20081112b un ||||| |||| 00| 0 ukr d
090 _a811.161.2'38
_bУ45
942 _cBK
040 _aUA-OsUOA
_bukr
_cUA-OsUOA
_dUA-OsUOA
245 _aУкраїнська лінгвостилістика ХХ - початку ХХІ ст.:система понять і бібліографічні джерела
300 _a368 с.
955 _a2
041 _aukr
080 _a811.161.2'38
020 _a966-02-4077-5
260 _aК.
_bГрамота
_c2007
650 7 _a8 Мовознавство. Художня література. Літературознавство
_2UDC
999 _c342908
_d342908